00688nam a2200205 a 450000100100000000500170001000800410002704000250006808200250009311000540011824000180017224500410019025000370023126000500026830000210031865000340033965000350037365000440040871000300045200003018620200930060120.0110125s2006 dr 000 0 spa d aDO-SdBNPbspacBNPHU a346.043bR426l, 20061 aRepública DominicanabSuprema Corte de Justicia10a[Leyes, etc.]10aLey 108-05 de registro inmobiliario. a3a. ed., con reglamento ampliada aMoca, República Dominicana :bDalis,c2006. a164 p. ;c23 cm. 4aLeyeszRepública Dominicana 4aBienes raícesxLegislación 4aBienes raíceszRepública Dominicana1 aSuprema Corte de Justicia